[Event "Gwent-ch"]
[Site "Pontypool"]
[Date "2002.09.22"]
[Round "4"]
[White "Williams, Douglas"]
[Black "Smith, PM."]
[Result "0-1"]
[WhiteElo "1578"]
[BlackElo "1474"]
[PlyCount "100"]
[EventDate "2002.09.21"]
[EventType "swiss"]
[EventRounds "5"]
[EventCountry "WLS"]
[SourceTitle "EXT 2006"]
[Source "ChessBase"]
[SourceDate "2005.11.24"]
[SourceVersion "1"]
[SourceVersionDate "2005.11.24"]
[SourceQuality "1"]

1. e4 e5 2. Nf3 Nc6 3. Bb5 a6 4. Ba4 b5 5. Bb3 Nf6 6. d3 d6 7. h3 Be7 8. c3 0-0 9. Nbd2 Bb7 10. Nf1 Na5 11. Bc2 c5 12. g4 Nd7 13. Ng3 d5 14. 0-0 dxe4 15. dxe4 g6 16. Qe2 Qc7 17. Ng5 Rae8 18. h4 Bc8 19. Nf3 Rd8 20. Bh6 Rfe8 21. h5 Nf6 22. hxg6 fxg6 23. g5 Ng4 24. a4 c4 25. axb5 axb5 26. Nh2 Nxh6 27. gxh6 Bg5 28. Ng4 Rd2 29. Nf6+ Kf7 30. Nxe8 Kxe8 31. Qf3 Rxc2 32. Rfd1 Nb3 33. Ra2 Be6 34. Nf1 Qc8 35. Ne3 Rd2 36. Rxd2 Nxd2 37. Qd1 Nxe4 38. Ra7 Nxf2 39. Qf3 Nh3+ 40. Kf1 Qd8 41. Ra8 Bc8 42. Qc6+ Kf7 43. Nd5 Nf4 44. Rxc8 Qxd5 45. Qe8+ Kf6 46. Qf8+ Qf7 47. Qh8+ Ke6 48. Rc6+ Kd5 49. Rc8 Nd3+ 50. Ke2 Qf2+ 0-1

[Event "Gwent-ch"]
[Site "Pontypool"]
[Date "2002.09.21"]
[Round "1"]
[White "Smith, PM."]
[Black "Turner, Joseph David"]
[Result "0-1"]
[WhiteElo "1474"]
[BlackElo "1913"]
[PlyCount "47"]
[EventDate "2002.09.21"]
[EventType "swiss"]
[EventRounds "5"]
[EventCountry "WLS"]
[SourceTitle "EXT 2006"]
[Source "ChessBase"]
[SourceDate "2005.11.24"]
[SourceVersion "1"]
[SourceVersionDate "2005.11.24"]
[SourceQuality "1"]

1. e4 e5 2. Nf3 d5 3. exd5 Bd6 4. d3 h6 5. b3 Nf6 6. c4 0-0 7. Nbd2 Bb4 8. Bb2 Re8 9. Be2 c6 10. Nxe5 cxd5 11. 0-0 Qd6 12. f4 Nc6 13. Ndf3 Bf5 14. a3 Ba5 15. b4 Bc7 16. Nxc6 bxc6 17. Nd4 Bh7 18. c5 Qd7 19. Qd2 Re7 20. Rae1 Rae8 21. Nf3 Ng4 22. Nd4 Ne3 23. Bd1 Nxf1 24. Rxf1 0-1